Géographie par image - I - Statistiques

Statistiques générales
  • Ce quiz a été pris 9 306 fois
  • Le résultat moyen est 11 sur 18
Statistiques - réponses
Par images Hint Réponse % Correct
pays Inde
99%
religion Islam
90%
pays Israël
90%
péninsule Péninsule {Ibérique}
88%
pays Italie
84%
pays Indonésie
83%
île Irlande
83%
groupe ethnique Inuits
80%
état des USA Illinois
68%
île Ibiza
63%
pays Iran
57%
région Île-de-France
51%
ville Indianapolis
48%
ville Istanbul
48%
étroite bande de terre Isthme
45%
quartier et plage Ipanema
32%
chutes Chutes d'{Iguazú}
31%
lac IJsselmeer
7%
Aucun quiz correspondant
Distribution des résultats
% des personnes avec chaque résultat
Percentile par nombre de réponses
Votre historique - résultats
Vous n’avez pas pris ce quiz